| 000 | 00556cab a2200205 4500 | ||
|---|---|---|---|
| 001 | ABS44407 | ||
| 008 | 090401t1991 xxu||||| |||| 00| 0 eng d | ||
| 035 | _a(Sirsi) u46942 | ||
| 041 | _aeng | ||
| 245 | _aArchitects , surveyors and engineers - Hay | ||
| 260 | _c1991 | ||
| 350 | _a0 | ||
| 490 |
_aIDS Top Pay Unit Review _v(122) April 1991, 11-12 (2) |
||
| 520 | _aA summary of the Hay salary survey for these professional groups. | ||
| 650 | _a1990 | ||
| 650 | _aSALARIES | ||
| 690 | _aECONOMIC AND SOCIAL | ||
| 942 | _n0 | ||
| 948 | _c04/03/1997 | ||
| 999 |
_c29613 _d29613 |
||